000
00386nam a2200133Ia 4500
008
100328s9999 xx 000 0 und d
082
_b
18265
100
_a
भाटे वामनराव
245
_a
कहाण्यानी वसे
260
_b
---
630
_a
कहाण्यानी वसे
730
_a
कहाण्यानी वसे
942
_c
BOOK
999
_c
512698
_d
512695